Machete chemistry ; (Record no. 574)
[ view plain ]
| 000 -LEADER | |
|---|---|
| campo de control de longitud fija | 01008cam a2200265 a 4500 |
| 001 - NÚMERO DE CONTROL | |
| campo de control | 154597 |
| 005 - FECHA Y HORA DE LA ÚLTIMA TRANSACCIÓN | |
| campo de control | 20220326193321.0 |
| 008 - DATOS DE LONGITUD FIJA--INFORMACIÓN GENERAL | |
| campo de control de longitud fija | 980209s1994 bh a 000 0 eng |
| 010 ## - NÚMERO DE CONTROL DE LA BIBLIOTECA DEL CONGRESO | |
| Número de control de LC | 98113044 |
| 020 ## - NÚMERO INTERNACIONAL ESTÁNDAR DEL LIBRO | |
| Número Internacional Estándar del Libro | 9686233148 |
| 040 ## - FUENTE DE CATALOGACIÓN | |
| Centro catalogador/agencia de origen | DLC |
| Centro/agencia transcriptor | DLC |
| Centro/agencia modificador | DLC |
| 082 00 - NÚMERO DE LA CLASIFICACIÓN DECIMAL DEWEY | |
| Número de clasificación | 811.54 |
| Número de edición | L 764m |
| 100 1# - ENTRADA PRINCIPAL--NOMBRE DE PERSONA | |
| Nombre de persona | Lipman, Joel; Musa, Yasser |
| Fechas asociadas al nombre | 1942- |
| 9 (RLIN) | 2593 |
| 245 10 - MENCIÓN DEL TÍTULO | |
| Título | Machete chemistry ; |
| Resto del título | &, Panades physics : assembled writings / |
| Mención de responsabilidad, etc. | by Joel Lipman & Yasser Musa. |
| 246 3# - FORMA VARIANTE DEL TITULO | |
| Título propio/Titulo breve | Machete chemistry and Panades physics |
| 246 3# - FORMA VARIANTE DEL TITULO | |
| Título propio/Titulo breve | Machete chemistry ; &, and Panades physics |
| 250 ## - MENCION DE EDICION | |
| Mención de edición | 1st ed. |
| 260 ## - PUBLICACIÓN, DISTRIBUCIÓN, ETC. | |
| Lugar de publicación, distribución, etc. | Benque Viejo de Carmen, Belize : |
| Nombre del editor, distribuidor, etc. | Cubola New Art Foundation, |
| Fecha de publicación, distribución, etc. | c1994. |
| 300 ## - DESCRIPCIÓN FÍSICA | |
| Extensión | 26 p. : |
| Otras características físicas | ill. ; |
| Dimensiones | 31 cm. |
| 650 ## - PUNTO DE ACCESO ADICIONAL DE MATERIA--TÉRMINO DE MATERIA | |
| Subdivisión general | Literatura |
| -- | Poesia |
| Subdivisión geográfica | Belice |
| 9 (RLIN) | 2594 |
| 700 12 - ENTRADA AGREGADA--NOMBRE PERSONAL | |
| Nombre de persona | Musa, Yasser. |
| Título de la obra | Panades physics. |
| 9 (RLIN) | 2595 |
| 740 02 - ENTRADA AGREGADA--TÍTULO RELACIONADO/ANALÍTICO NO CONTROLADO | |
| Título relacionado o analítico no controlado | Panades physics. |
| 906 ## - ELEMENTOS DE DATOS F LOCAL, LDF (RLIN) | |
| a | 7 |
| b | cbc |
| c | orignew |
| d | 3 |
| e | ncip |
| f | 19 |
| g | y-gencatlg |
| Estatus retirado | Estado de pérdida | Fuente del sistema de clasificación o colocación | Estado de daño | No para préstamo | Biblioteca de origen | Biblioteca actual | Ubicación en estantería | Fecha de adquisición | Total de préstamos | Signatura topográfica completa | Código de barras | Visto por última vez | Precio de reemplazo | Tipo de ítem Koha |
|---|---|---|---|---|---|---|---|---|---|---|---|---|---|---|
| Clasificación Decimal Dewey | Biblioteca LadoV | Biblioteca LadoV | 08/05/2015 | 811.54 L 764m | 000310 | 08/05/2015 | 08/05/2015 | Material 01 |
